000 00418nam a2200169 a 4500
001 0000-9367
003 ELIB.Books
008 110520 1960
035 _a(ELIB.Books)0000-9519
082 _a220.3
_bSim
100 _aSims, Albert E.
245 _aWho's who in the Bible
260 _bNew York: The Wisdom Library
_c1960
650 _aBible
942 _2ddc
_cBK
998 _cbat
_e2011-05-20
999 _c9367
_d9367